[Event "GER-chT U14"]
[Site "Willingen"]
[Date "2021.06.26"]
[Round "6.7"]
[White "Feng, Felix"]
[Black "Buehring, Marwin"]
[Result "0-1"]
[WhiteElo "1423"]
[BlackElo "1356"]
[PlyCount "48"]
[EventDate "2021.06.23"]
[EventType "team-swiss"]
[EventRounds "7"]
[EventCountry "GER"]
[SourceTitle "EXT 2022"]
[Source "ChessBase"]
[SourceDate "2021.10.06"]
[SourceVersion "1"]
[SourceVersionDate "2021.10.06"]
[SourceQuality "1"]
[WhiteTeam "Neuberg"]
[BlackTeam "Plauen Koenig"]
[WhiteTeamCountry "GER"]
[BlackTeamCountry "GER"]

1. c4 e5 2. Nc3 Nf6 3. Nf3 Nc6 4. g3 d5 5. cxd5 Nxd5 6. Bg2 Be6 7. 0-0 Be7 8. d4 Bf6 9. dxe5 Nxe5 10. Nxe5 Nxc3 11. bxc3 Bxe5 12. Qc2 c6 13. Ba3 Qf6 14. Rab1 Rb8 15. Bxc6+ bxc6 16. Qe4 Rc8 17. Rb7 c5 18. Qa4+ Kf8 19. Qxa7 Bd6 20. Rd1 Qe5 21. e4 Qxe4 22. Bxc5 Bh3 23. Rxf7+ Ke8 24. f3 Bxc5+ 0-1

[Event "GER-chT U14"]
[Site "Willingen"]
[Date "2021.06.25"]
[Round "4.4"]
[White "Duduka, Artem"]
[Black "Feng, Felix"]
[Result "1/2-1/2"]
[WhiteElo "1613"]
[BlackElo "1423"]
[PlyCount "61"]
[EventDate "2021.06.23"]
[EventType "team-swiss"]
[EventRounds "7"]
[EventCountry "GER"]
[SourceTitle "EXT 2022"]
[Source "ChessBase"]
[SourceDate "2021.10.06"]
[SourceVersion "1"]
[SourceVersionDate "2021.10.06"]
[SourceQuality "1"]
[WhiteTeam "Berlin Nord Ost"]
[BlackTeam "Neuberg"]
[WhiteTeamCountry "GER"]
[BlackTeamCountry "GER"]

1. e4 c5 2. Nf3 d6 3. c3 Nf6 4. h3 Nc6 5. Bd3 g6 6. 0-0 Bg7 7. Bc2 0-0 8. d4 Nd7 9. a3 b6 10. Re1 Bb7 11. Bf4 Rc8 12. Bb3 cxd4 13. cxd4 Nxd4 14. Nxd4 Bxd4 15. Qxd4 e5 16. Qxd6 exf4 17. Qxf4 Nc5 18. Rd1 Qc7 19. Qxc7 Rxc7 20. Bd5 Nxe4 21. Bxb7 Rxb7 22. f3 Nf6 23. Nc3 Re8 24. Rd6 Nh5 25. Rad1 Rbe7 26. Kf2 Nf4 27. Ne4 Kg7 28. Rd8 Rxd8 29. Rxd8 Rc7 30. Nc3 Ne6 31. Rd2 1/2-1/2

[Event "GER-chT U14"]
[Site "Willingen"]
[Date "2021.06.24"]
[Round "1.1"]
[White "Feng, Felix"]
[Black "Kort, Felix"]
[Result "1-0"]
[WhiteElo "1423"]
[BlackElo "1850"]
[PlyCount "57"]
[EventDate "2021.06.23"]
[EventType "team-swiss"]
[EventRounds "7"]
[EventCountry "GER"]
[SourceTitle "EXT 2022"]
[Source "ChessBase"]
[SourceDate "2021.10.06"]
[SourceVersion "1"]
[SourceVersionDate "2021.10.06"]
[SourceQuality "1"]
[WhiteTeam "Neuberg"]
[BlackTeam "Hamburger SK"]
[WhiteTeamCountry "GER"]
[BlackTeamCountry "GER"]

1. c4 e5 2. Nc3 Nf6 3. g3 d5 4. cxd5 Nxd5 5. Bg2 Nb6 6. Nf3 Nc6 7. 0-0 Be6 8. a3 Be7 9. b4 f6 10. d3 Qd7 11. Be3 0-0-0 12. Ne4 Nd4 13. Bxd4 exd4 14. Rc1 Qb5 15. Qc2 c6 16. Nc5 Bf7 17. Rb1 Na8 18. a4 Qb6 19. Bh3+ Kc7 20. Rfc1 Rhe8 21. Qb2 Bxc5 22. Rxc5 Qa6 23. a5 b6 24. b5 Qb7 25. a6 bxc5 26. axb7 Kxb7 27. bxc6+ Kxc6 28. Qb7+ Kd6 29. Qxf7 1-0

[Event "GER-chT Christmas U20"]
[Site "Playchess.com INT"]
[Date "2020.12.29"]
[Round "2.4"]
[White "Hoffmann, Lennard"]
[Black "Feng, Felix"]
[Result "1-0"]
[WhiteElo "2022"]
[BlackElo "1423"]
[PlyCount "27"]
[EventDate "2020.12.29"]
[EventType "team-swiss (blitz)"]
[EventRounds "7"]
[EventCountry "GER"]
[SourceTitle "CBM 200 Extra"]
[Source "ChessBase"]
[SourceDate "2021.03.31"]
[SourceVersion "1"]
[SourceVersionDate "2021.03.31"]
[SourceQuality "1"]
[WhiteTeam "Magdeburg Aufbau Elbe"]
[BlackTeam "Neuberg"]
[WhiteTeamCountry "GER"]
[BlackTeamCountry "GER"]

1. e4 c5 2. Nf3 d6 3. d4 cxd4 4. Nxd4 e5 5. Nb3 Nf6 6. Nc3 a6 7. Be3 Be6 8. f4 Nc6 9. f5 Bd7 10. g4 b5 11. g5 Ng8 12. Nd5 f6 13. Bb6 Qb8 14. Qh5+ 1-0

[Event "GER-ch U10"]
[Site "Willingen"]
[Date "2016.05.19"]
[Round "8.22"]
[White "Boehm, Karl"]
[Black "Feng, Felix"]
[Result "0-1"]
[WhiteElo "1341"]
[BlackElo "1100"]
[PlyCount "100"]
[EventDate "2016.05.15"]
[EventType "swiss"]
[EventRounds "11"]
[EventCountry "GER"]
[SourceTitle "CBM 172 Extra"]
[Source "ChessBase"]
[SourceDate "2016.06.21"]
[SourceVersion "1"]
[SourceVersionDate "2016.06.21"]
[SourceQuality "1"]

1. e4 c5 2. Nf3 Nc6 3. Bb5 g6 4. Bxc6 bxc6 5. 0-0 Bg7 6. d3 Nf6 7. Bf4 d6 8. Nc3 0-0 9. Re1 Bd7 10. e5 dxe5 11. Bxe5 Nd5 12. Bxg7 Kxg7 13. Ne4 Qb6 14. c4 Nc7 15. b3 Rfe8 16. Ne5 Bf5 17. Ng3 Be6 18. a4 a5 19. Rb1 f6 20. Nf3 Bg4 21. h3 Bxf3 22. Qxf3 e5 23. Ne4 Rf8 24. Nd6 Rad8 25. Ne4 Ne6 26. Qg3 Rd7 27. f3 Qd8 28. Nf2 Nf4 29. Ne4 Qb6 30. Nf2 Nxd3 31. Red1 Rfd8 32. Qg4 Qa7 33. Rxd3 Rxd3 34. Nxd3 Rxd3 35. Qe6 Qd7 36. Qxd7+ Rxd7 37. Kf1 f5 38. Ke2 Kf6 39. Rd1 Rxd1 40. Kxd1 e4 41. f4 g5 42. g3 gxf4 43. gxf4 Kg6 44. Ke2 Kh5 45. Kf2 Kh4 46. Kg2 h5 47. Kh2 e3 48. Kg2 e2 49. Kf2 Kxh3 50. Kxe2 Kg2 0-1

[Event "GER-ch U10"]
[Site "Willingen"]
[Date "2016.05.16"]
[Round "4.14"]
[White "Feng, Felix"]
[Black "Hagner, Bennet"]
[Result "1/2-1/2"]
[WhiteElo "1100"]
[BlackElo "1370"]
[PlyCount "117"]
[EventDate "2016.05.15"]
[EventType "swiss"]
[EventRounds "11"]
[EventCountry "GER"]
[SourceTitle "CBM 172 Extra"]
[Source "ChessBase"]
[SourceDate "2016.06.21"]
[SourceVersion "1"]
[SourceVersionDate "2016.06.21"]
[SourceQuality "1"]

1. c4 d6 2. Nc3 Nf6 3. g3 g6 4. Bg2 Bg7 5. Rb1 c6 6. d3 Bf5 7. Bd2 Nbd7 8. a3 Qb6 9. Nf3 0-0 10. 0-0 Nc5 11. Qc1 Nxd3 12. exd3 Bxd3 13. Re1 Bxb1 14. Qxb1 Ng4 15. Be3 Nxe3 16. Rxe3 e6 17. b4 a5 18. Ne4 axb4 19. axb4 Ra1 20. Re1 Rxb1 21. Rxb1 d5 22. c5 Qb5 23. Nd6 Qd3 24. Re1 Bc3 25. Rf1 Bxb4 26. Nxb7 Rb8 27. Nd6 Bxc5 28. Nxf7 Kxf7 29. Ne5+ Kg8 30. Nxd3 Bd6 31. Rc1 Rc8 32. Bh3 Kf7 33. Re1 Re8 34. f4 c5 35. Rc1 c4 36. Ne5+ Kf6 37. Nd7+ Ke7 38. Ne5 g5 39. Nc6+ Kd7 40. Ne5+ Kc7 41. Nxc4 dxc4 42. Rxc4+ Kb6 43. fxg5 Be7 44. Re4 e5 45. Rxe5 Bc5+ 46. Rxc5 Kxc5 47. Kf2 Rg8 48. Bf5 Rxg5 49. Bxh7 Rh5 50. Be4 Rxh2+ 51. Kf3 Kd4 52. Bf5 Ke5 53. Kg4 Rh8 54. Bc2 Kf6 55. Kf4 Rb8 56. g4 Rb4+ 57. Be4 Rb5 58. Bd3 Rc5 59. Be4 1/2-1/2